000 01311nab a22002417a 4500
999 _c6239
_d6239
003 OSt
005 20260127184403.0
008 190514b xxu||||| |||| 00| 0 spa d
040 _cPJ
100 _95241
_aPeres, Agustín A.
245 1 3 _a"La renuncia del derecho de renunciar" :
_banálisis sobre el inicio del juicio sucesorio y la aceptación de la herencia /
_cAgustín A. Peres.
300 _ap. 17-26
500 _aCita: TR LALEY AR/DOC/1584/2025.
505 _aSumario: I. Hechos del caso.— II. Decisión y fundamentos.— III. Breve aclaración sobre la aplicación del derogado Cód. Civil.— IV. El derecho a optar: aceptar, renunciar o guardar silencio.— V. La aceptación de la herencia en la legislación argentina.— VI. La sentencia que nos convoca.— VII. A modo de cierre y conclusión.
505 _tFallo comentado: SC Buenos Aires ~ 24/02/2025 ~ J., O. S. s/ sucesión testamentaria.
650 0 _9967
_aDERECHO DE FAMILIA
650 0 _9888
_aSUCESIONES
650 0 _91118
_aACEPTACION DE HERENCIA
650 0 _91121
_aRENUNCIA A LA HERENCIA
650 0 _91057
_aJURISPRUDENCIA APLICABLE
773 0 _02844
_93222
_dBuenos Aires : AbeledoPerrot, 1989-
_tDerecho de familia. Revista Interdisciplinaria de doctrina y jurisprudencia. Agosto 2025-IV.
_z18511201
942 _2udc
_cANA